Human development report 1999. (Record no. 15292)
[ view plain ]
| 000 -LEADER | |
|---|---|
| fixed length control field | 00512nam a2200169Ia 4500 |
| 020 ## - INTERNATIONAL STANDARD BOOK NUMBER | |
| ISBN | 0195215613 (cloth) |
| 020 ## - INTERNATIONAL STANDARD BOOK NUMBER | |
| ISBN | 0195215621 (pbk.) |
| 040 ## - CATALOGING SOURCE | |
| Transcribing agency | JBR |
| 082 ## - DEWEY DECIMAL CLASSIFICATION NUMBER | |
| Classification number | 338 OXF 1999 A075 Or. |
| 245 00 - TITLE STATEMENT | |
| Title | Human development report 1999. |
| 260 ## - PUBLICATION, DISTRIBUTION, ETC. (IMPRINT) | |
| Place of publication | New York ; |
| -- | Oxford : |
| Name of publisher | Oxford University Press, |
| Year of publication | 1999. |
| 300 ## - PHYSICAL DESCRIPTION | |
| Number of Pages | xiv, 262 p. : |
| Other physical details | ill. ; |
| Dimensions | 28 cm. |
| 500 ## - GENERAL NOTE | |
| General note | Published for the United Nations Development Programme (UNDP). |
| 650 #0 - SUBJECT ADDED ENTRY--TOPICAL TERM | |
| Topical Term | Economic development |
| 710 2# - ADDED ENTRY--CORPORATE NAME | |
| Corporate name or jurisdiction name as entry element | United Nations. |
| 942 ## - ADDED ENTRY ELEMENTS (KOHA) | |
| Koha item type | សៀវភៅភាសាអង់គ្លេស |
| 952 ## - LOCATION AND ITEM INFORMATION (KOHA) | |
| Withdrawn status [LOCAL, KOHA] | 0 |
| Permanent Location | Date acquired | Koha item type | Lost status | Shelving location | Barcode | Current Location | Full call number |
|---|---|---|---|---|---|---|---|
| Library Block A | 2017-11-15 | សៀវភៅភាសាអង់គ្លេស | A075 | A06906 | Library Block A | 338 OXF 1999 A075 Or. |